书目信息 |
| 题名: |
项目经理360度全程序工作手册
|
|
| 作者: | 张丽琍 编著 | |
| 分册: | ||
| 出版信息: | 北京 中国经济出版社 2007.01 |
|
| 页数: | 341页 | |
| 开本: | 24cm | |
| 丛书名: | 经理人案头书 | |
| 单 册: | ||
| 中图分类: | F224.5-62 | |
| 科图分类: | ||
| 主题词: | 项目管理--xiang mu guan li--手册 | |
| 电子资源: | ||
| ISBN: | 978-7-5017-7201-8 | |
| 000 | 00943nam 2200253 450 | |
| 001 | 012008093187 | |
| 005 | 20080425092910.70 | |
| 010 | @a978-7-5017-7201-8@dCNY38.00 | |
| 100 | @a20080425d2007 em y0chiy0120 ea | |
| 101 | 0 | @achi |
| 102 | @aCN@b110000 | |
| 105 | @ak z 000yy | |
| 106 | @ar | |
| 200 | 1 | @a项目经理360度全程序工作手册@Axiang mu jing li 360 du quan cheng xu gong zuo shou ce@f张丽琍等编著@Fzhang li li deng bian zhu |
| 210 | @a北京@c中国经济出版社@d2007.01 | |
| 215 | @a341页@d24cm | |
| 225 | 2 | @a经理人案头书@Ajing li ren an tou shu@i管理手册系列 |
| 330 | @a本书内容由十二章组成, 第一章项目管理概述; 第二章项目组织; 第三章项目计划管理; 第四章项目的启动; 第五章项目实施与控制等。 | |
| 410 | 0 | @12001 @a经理人案头书@i管理手册系列 |
| 606 | 0 | @a项目管理@Axiang mu guan li@j手册 |
| 690 | @aF224.5-62@v4 | |
| 701 | 0 | @a张丽琍@Azhang li li@4编著 |
| 801 | 0 | @aCN@bQSSK@c20080425 |
| 905 | @b297449-51@dF224.5-62@eZ133@f3 | |
| 项目经理360度全程序工作手册/张丽琍等编著.-北京:中国经济出版社,2007.01 |
| 341页;24cm.-(经理人案头书.管理手册系列) |
| ISBN 978-7-5017-7201-8:CNY38.00 |
| 本书内容由十二章组成, 第一章项目管理概述; 第二章项目组织; 第三章项目计划管理; 第四章项目的启动; 第五章项目实施与控制等。 |
| ● |
| 相关链接 |
|
|
|
正题名:项目经理360度全程序工作手册
索取号:F224.5-62/Z133
 
预约/预借
| 序号 | 登录号 | 条形码 | 馆藏地/架位号 | 状态 | 备注 |
| 1 | 297449 | 202974497 | 社科二线422/422社科库 1排1列1层/ [索取号:F224.5-62/Z133] | 在馆 | |
| 2 | 297450 | 202974503 | 社科库409/409社科库 73排4列4层/ [索取号:F224.5-62/Z133] | 在馆 | |
| 3 | 297451 | 202974512 | 社科二线422/422社科库 1排1列1层/ [索取号:F224.5-62/Z133] | 在馆 |